000 00809cab a2200253 4500
001 WB2931-58
008 090401t1993 xxu||||| |||| 00| 0 eng d
035 _a(Sirsi) u5930
041 _aeng
245 _aAbbey National sells estate agents at a loss
260 _c1993
350 _a0
490 _aDaily Telegraph
_v17 August 1993, 1&4
490 _aIndependent
_v17 August 1993, 21(2)
520 _aThe Abbey National has sold its Cornerstone estate agency chain for just £8m, having suffered losses of at least £243m on the business since 1987.
650 _aABBEY NATIONAL
650 _aCORNERSTONE
650 _aESTATE AGENCY
650 _aESTATE AGENTS
650 _aINSTITUTIONS
690 _aMANAGEMENT-BUSINESS MANAGEMENT-PROFESSIONAL PRACTICE
942 _n0
948 _c04/03/1997
999 _c3552
_d3552